Directing for Stage and Screen (Record no. 4088)

MARC details
000 -LEADER
fixed length control field 00312nam a22001217a 4500
008 - FIXED-LENGTH DATA ELEMENTS--GENERAL INFORMATION
fixed length control field 250703b |||||||| |||| 00| 0 eng d
020 ## - INTERNATIONAL STANDARD BOOK NUMBER
ISBN 9780230661369
100 ## - MAIN ENTRY--AUTHOR
Author Monta Marian F
245 ## - TITLE STATEMENT
Title Directing for Stage and Screen
650 ## - TRACINGS
Main Subject Theatre production and direction
942 ## - ADDED ENTRY ELEMENTS (KOHA)
Item type Books
050 ## - LIBRARY OF CONGRESS CALL NUMBER
Classification number PM 2053
Item number .M66
Holdings
Source of classification or shelving scheme Not for loan Permanent location Current location Date acquired Accession No. Full call number Barcode. Koha item type
Library of Congress Classification   Samuel Ogbemudia Main Library, University of Abuja Samuel Ogbemudia Main Library, University of Abuja 07/03/2025 2024/62249 PM 2053 .M66 2025-2817 Books